[Event "Bad Woerishofen op"]
[Site "Bad Woerishofen"]
[Date "2001.??.??"]
[Round "4"]
[White "Marotzke, Stefan"]
[Black "Muehlbach, Peter"]
[Result "1/2-1/2"]
[WhiteElo "1760"]
[BlackElo "2131"]
[Annotator "ChessOrg"]
[PlyCount "51"]
[EventDate "1998.03.05"]
[Source "ChessBase"]
[SourceDate "1998.04.29"]

1. d4 {D02: Damenbauernspiele} 1... d5 2. Nf3 Nf6 3. Bf4 c6 4. c3 Bf5 5. h3 {
letzter Buchzug} 5... e6 6. e3 h6 7. Bd3 (7. Qb3 7... Qb6 $11) 7... Bxd3 8.
Qxd3 Qb6 9. Qc2 c5 10. O-O Nc6 11. Nbd2 Rc8 12. Qb3 Qxb3 13. axb3 Be7 14. dxc5
Bxc5 15. b4 Bb6 16. Bd6 Rd8 17. Bc5 Bxc5 18. bxc5 Nd7 19. b4 a6 20. Rfb1 O-O
21. Nd4 Na7 22. c4 Rc8 23. cxd5 exd5 24. Nf5 Nc6 25. Nf3 Rc7 26. N3d4 1/2-1/2

[Event "Bad Woerishofen op"]
[Site "Bad Woerishofen"]
[Date "2001.??.??"]
[Round "6"]
[White "Marotzke, Stefan"]
[Black "Lindenmair, Anton"]
[Result "1/2-1/2"]
[WhiteElo "1761"]
[BlackElo "2105"]
[Annotator "ChessOrg"]
[PlyCount "75"]
[EventDate "1998.03.05"]
[Source "ChessBase"]
[SourceDate "1998.04.29"]

1. d4 {A45: Damenbauernspiele (Trompowski-Angriff)} 1... Nf6 2. Bg5 g6 3. Bxf6
exf6 4. Nf3 {letzter Buchzug} 4... Bg7 5. c3 O-O 6. e3 d6 7. Be2 Nd7 8. O-O f5
9. Nbd2 Nf6 10. Ne1 Re8 11. Nd3 Bd7 12. Rc1 Ne4 13. c4 c6 14. b4 Qe7 15. Re1
Bh6 16. Bf3 g5 17. g3 Rad8 18. Bg2 Qf6 19. a3 Kh8 20. c5 d5 21. Ne5 Qg7 22.
Nxd7 Rxd7 23. Nxe4 dxe4 24. Qb3 f4 25. b5 f5 26. bxc6 (26. Qa4 f3 27. Bf1 27...
Qf6 $14) 26... bxc6 $15 27. Rb1 fxe3 28. fxe3 f4 29. g4 Qf6 30. Rb2 Bg7 31. Rf2
Qe7 32. Kh1 (32. exf4 $2 32... Bxd4 (32... Rxd4 $6 33. fxg5 Qxg5 34. h3 $11)
33. Rxe4 Bxf2+ 34. Kxf2 Qxc5+ 35. Qe3 Rd2+ 36. Kf3 Qxe3+ 37. Kxe3 Red8 38. Re8+
Rxe8+ 39. Kxd2 gxf4 40. Bxc6 40... Re6 $19) 32... fxe3 33. Rf5 (33. Rxe3 $142
33... Rxd4 34. Rfe2 Qxc5 35. Bxe4 $17) 33... Rf8 (33... Bxd4 $142 34. Qa4 Bxc5
35. Qxc6 35... Rc7 $19 (35... Bxa3 $6 36. Qc3+ Kg8 37. Rxe3 $11)) 34. Rxf8+ $11
34... Qxf8 35. Qxe3 Rxd4 36. Bxe4 (36. Qxg5 $5 $142 36... Rd5 37. Qe3 $11)
36... Qxc5 $17 37. Bg2 Qf8 (37... Bf8 $5 $17 $142) 38. Bxc6 1/2-1/2

[Event "Bad Woerishofen op"]
[Site "Bad Woerishofen"]
[Date "2001.??.??"]
[Round "8"]
[White "Marotzke, Stefan"]
[Black "Mantzouneas, Nikolaos"]
[Result "1/2-1/2"]
[WhiteElo "1761"]
[BlackElo "2033"]
[Annotator "ChessOrg"]
[PlyCount "108"]
[EventDate "1998.03.05"]
[Source "ChessBase"]
[SourceDate "1998.04.29"]

1. d4 {D60: Damengambit (Hauptvariante)} 1... d5 2. c4 e6 3. Nc3 Nf6 4. Bg5 Be7
5. e3 Nbd7 6. Nf3 O-O 7. Bd3 c5 8. cxd5 8... exd5 {letzter Buchzug} 9. O-O a6
10. a4 Re8 11. Rc1 c4 12. Be2 Nf8 (12... h6 13. Bf4 $11) 13. b3 Ba3 14. Bxf6
gxf6 15. Rb1 Bf5 16. bxc4 Bxb1 17. Qxb1 dxc4 18. Bxc4 Re7 19. Nd5 Re6 20. Qb3
Bd6 21. Rb1 Nd7 (21... Ra7 22. Nc3 Re7 23. Nh4 $16) 22. Nh4 (22. Qxb7 $2 22...
Rb8 23. Bxa6 Rxb7 24. Bxb7 24... Qa5 $19) 22... f5 (22... Rc8 $5 $16) 23. Nxf5
$18 23... Qg5 $2 (23... b5 24. axb5 axb5 25. Bxb5 $18 (25. Qxb5 $143 25... Rb8
$17)) 24. Nxd6 (24. Nc7 $1 $142 24... Bxc7 25. Bxe6 fxe6 26. Qxe6+ Kh8 27. Qxd7
$18) 24... Rxd6 25. a5 (25. Qxb7 Rb8 26. Qxb8+ Nxb8 27. Rxb8+ 27... Kg7 $11)
25... h5 (25... Kh8 26. e4 $18) 26. Nf4 (26. f4 Qd8 27. Nb6 Nxb6 28. Bxf7+ Kg7
29. axb6 29... h4 $18) 26... Rf8 27. Bd3 (27. Qa3 Rc6 28. Bd5 28... Rc7 $18)
27... b5 28. axb6 Rxb6 29. Qc2 29... Rfb8 $2 (29... Rxb1+ $142 30. Qxb1 30...
a5 $18) 30. Rxb6 $18 30... Rxb6 31. Qc8+ (31. Qc7 $142 31... Qe7 32. Nd5 $18)
31... Nf8 $16 32. Bxa6 $4 (32. g3 $16) 32... Qa5 (32... Rb1+ $142 33. Bf1 33...
Qb5 $19) 33. Bf1 $18 33... Rb1 34. Qc4 Qe1 (34... h4 $18 $142) 35. Nxh5 Rb2 36.
Nf6+ Kh8 37. Ng4 f5 38. Qf7 fxg4 39. Qxf8+ Kh7 40. Qf7+ Kh8 41. Qh5+ Kg7 42.
Qxg4+ Kh8 43. Qh5+ Kg8 44. Qg6+ Kh8 45. Qf6+ Kh7 46. d5 (46. Qf5+ $5 46... Kg7
$18) 46... Rb1 47. Qa6 Ra1 (47... Rb2 48. Qd3+ Kh6 49. Qf5 $18) 48. Qd3+ Kg8
49. d6 Rd1 50. Qc4+ Kf8 51. Qc8+ Kf7 52. Qc7+ Kg6 53. Qc4 Rxd6 54. Qe2 Qc1
1/2-1/2

[Event "Bad Woerishofen op"]
[Site "Bad Woerishofen"]
[Date "2001.??.??"]
[Round "4"]
[White "Martino-Gross, Peter"]
[Black "Schneider, Richard"]
[Result "1/2-1/2"]
[WhiteElo "1936"]
[BlackElo "2180"]
[Annotator "ChessOrg"]
[PlyCount "64"]
[EventDate "1998.03.05"]
[Source "ChessBase"]
[SourceDate "1998.04.29"]

1. e4 {C02: Franzoesische Verteidigung (Vorstossvariante)} 1... c5 2. Nf3 Nc6
3. c3 e6 4. d4 d5 5. e5 Qb6 6. Be2 cxd4 7. cxd4 Nh6 8. Nc3 8... Nf5 {
Steigert den Druck auf den Bauern d4} 9. Na4 Qa5+ 10. Bd2 Bb4 11. Bc3 b5 12. a3
Bxc3+ 13. Nxc3 b4 14. Bb5 Bd7 15. Bxc6 Bxc6 16. axb4 Qxb4 17. Qd2 17... a5 {
letzter Buchzug} 18. O-O O-O 19. Ra2 Rfb8 20. Rfa1 Bb5 21. Nxb5 Qxd2 (21...
Qxb5 $143 22. Rxa5 Rxa5 23. Rxa5 $16 (23. Qxa5 $6 23... Qxb2 24. Qa4 24... h6
$11)) 22. Nxd2 Rxb5 23. Nf3 Ne7 24. Rc1 Rc8 25. Rxc8+ Nxc8 26. Kf1 Nb6 27. Nd2
a4 28. Ke2 g5 29. Kd3 Kg7 30. Kc3 f6 31. exf6+ Kxf6 32. b3 axb3 1/2-1/2

[Event "Bad Woerishofen op"]
[Site "Bad Woerishofen"]
[Date "2001.??.??"]
[Round "6"]
[White "Martino-Gross, Peter"]
[Black "Bartels, Holger"]
[Result "1/2-1/2"]
[WhiteElo "1936"]
[BlackElo "2176"]
[Annotator "ChessOrg"]
[PlyCount "51"]
[EventDate "1998.03.05"]
[Source "ChessBase"]
[SourceDate "1998.04.29"]

1. c4 {A29: Englische Eroeffnung (Vierspringer-Variante)} 1... e5 2. Nc3 Nf6 3.
Nf3 Nc6 4. g3 d5 5. cxd5 Nxd5 6. Bg2 Nb6 7. O-O Be7 8. d3 O-O 9. a3 a5 10. Be3
Be6 11. Rc1 Nd5 12. Nxd5 Bxd5 13. Qd2 {letzter Buchzug} 13... Re8 14. Rc3 Bf6
15. Bg5 Bxg5 16. Nxg5 Bxg2 17. Kxg2 Nd4 18. Nf3 Nxf3 19. exf3 (19. Kxf3 e4+ 20.
Kg2 20... Qd5 $15) 19... Qd6 $15 20. Rd1 c5 21. Rc4 b6 22. b4 axb4 (22... cxb4
23. axb4 a4 24. Rdc1 $15) 23. axb4 $11 23... Ra3 24. bxc5 bxc5 25. Qe3 Rc8 26.
Rdc1 1/2-1/2

[Event "Bad Woerishofen op"]
[Site "Bad Woerishofen"]
[Date "2001.??.??"]
[Round "9"]
[White "Martino-Gross, Peter"]
[Black "Hempel, Olaf"]
[Result "1/2-1/2"]
[WhiteElo "1936"]
[BlackElo "2146"]
[Annotator "ChessOrg"]
[PlyCount "171"]
[EventDate "1998.03.05"]
[Source "ChessBase"]
[SourceDate "1998.04.29"]

1. c4 {A34: Englische Eroeffnung (Symmetrische Variante)} 1... Nf6 2. Nc3 d5 3.
cxd5 Nxd5 4. g3 g6 5. Bg2 Nxc3 6. bxc3 Bg7 7. Nf3 O-O 8. O-O c5 9. Qc2 {
letzter Buchzug} 9... Qc7 10. d3 Nc6 11. Rb1 e5 12. Be3 b6 13. Nd2 Bb7 14. Nc4
Rab8 15. Rb2 Ne7 16. Bxb7 Rxb7 (16... Qxb7 $143 17. Bxc5 e4 18. dxe4 $16) 17.
Rfb1 Nf5 18. Bd2 Nd6 19. Ne3 Qc6 20. Qb3 e4 21. Qd5 Qxd5 22. Nxd5 exd3 23. exd3
Rd7 24. Bg5 Nf5 25. c4 Bxb2 26. Rxb2 Rxd5 (26... Rb7 27. a4 $17) 27. cxd5 f6
28. Bf4 Rd8 29. g4 Nd4 30. d6 g5 31. Bg3 f5 32. gxf5 Nxf5 33. Be5 Kf7 34. Re2
Nxd6 35. d4 (35. f4 gxf4 36. Rf2 36... Nb5 $19) 35... cxd4 (35... Nc4 $5 $142
36. Re4 Nxe5 37. dxe5 $19) 36. Bxd4 $17 36... Nf5 37. Bc3 Rc8 38. Bb2 Re8 39.
Rc2 Re7 40. Kg2 Rd7 41. Kf3 h5 42. Ke4 Ne7 43. Bd4 (43. f4 43... g4 $17) 43...
Ke6 44. Be3 Rd5 45. Rc7 Ra5 46. Rc2 Ra4+ 47. Kd3 Nd5 48. Rb2 Nxe3 49. Kxe3 (49.
fxe3 49... h4 $19) 49... Kf5 50. f3 Ra3+ 51. Kf2 Ra5 52. Rd2 Rc5 53. Ke3 Rc3+
54. Ke2 Kf4 55. Rd4+ Ke5 56. Rd2 (56. Ra4 a5 57. h4 57... Kf6 $19) 56... b5 57.
Rb2 a6 58. Kf2 Rc4 59. Ke3 b4 60. Rd2 Rc3+ 61. Kf2 a5 62. Rb2 (62. Re2+ 62...
Kd5 $19) 62... Kf4 63. Rd2 Rxf3+ 64. Kg2 Rc3 65. Rd4+ (65. Kf2 65... Ke4 $19)
65... Ke5 (65... Ke3 $5 66. Rd5 Rc2+ 67. Kg1 Rxa2 68. Rxg5 $19) 66. Rd2 a4 67.
Rb2 b3 68. axb3 axb3 69. Rb1 Rc2+ 70. Kg3 b2 71. Kh3 (71. h4 gxh4+ 72. Kxh4 $19
) 71... Kf4 72. Rxb2 (72. Rf1+ Ke3 73. Rb1 $19) 72... Rc3+ (72... g4+ 73. Kh4
Rxb2 74. h3 gxh3 75. Kxh3 Rd2 76. Kh4 Rh2#) 73. Kg2 $17 73... Re3 74. Rb4+ Re4
75. Rb2 Kg4 76. Rf2 Kh4 77. Rb2 Re3 78. Rd2 Ra3 79. Rb2 Ra4 80. Rc2 Kg4 81. Rf2
Rb4 82. Re2 h4 83. h3+ Kf4 84. Rf2+ Ke4 85. Re2+ Kf5 86. Rf2+ 1/2-1/2

[Event "Bad Woerishofen op"]
[Site "?"]
[Date "2001.??.??"]
[Round "1"]
[White "Martinovic, Slobodan"]
[Black "Schoen, Rudolf"]
[Result "1-0"]
[WhiteElo "2428"]
[BlackElo "2010"]
[Annotator "ChessOrg"]
[PlyCount "91"]
[EventDate "2000.??.??"]

1. Nf3 {D73: Gruenfeld-Verteidigung (3.g3)} 1... Nf6 2. g3 g6 3. d4 d5 4. c4 c6
5. Qb3 Bg7 6. Nc3 O-O 7. Bg2 dxc4 8. Qxc4 Be6 9. Qa4 Nd5 10. O-O Nd7 11. e4
11... Nxc3 {letzter Buchzug} 12. bxc3 b5 13. Qc2 Qa5 14. Bg5 f6 15. Be3 Bc4 16.
Rfb1 Nb6 17. Nd2 Qa3 18. Nxc4 Nxc4 19. Bc1 Qd6 20. a4 a6 21. Bf1 Nb6 22. Qb3+
Kh8 23. Ba3 Qd7 24. a5 Nc8 25. Re1 Nd6 26. Rad1 f5 27. e5 Nb7 28. Bb4 f4 29.
Rd3 Rac8 30. Qa3 fxg3 31. hxg3 (31. fxg3 $2 31... c5 $19) 31... Qf5 (31... Rce8
32. e6 Qc7 33. c4 $11) 32. Rd2 (32. f4 c5 33. dxc5 33... Nd8 $16) 32... c5 $14
33. dxc5 Bxe5 34. Bg2 34... Rcd8 $2 (34... Nd8 $16 $142) 35. Rde2 $18 35... Rd3
$2 (35... Rb8 36. c6 Nd6 37. Rxe5 Qxf2+ 38. Kh1 $16) 36. Qa2 (36. Bxb7 $142
36... Qf6 37. Qb2 Bxc3 38. Bxc3 38... Rxc3 $18) 36... Bxg3 37. fxg3 Rxg3 38.
Rf2 (38. c6 38... Nd6 $18) 38... Rxg2+ 39. Rxg2 (39. Kxg2 $6 39... Qg4+ 40. Kh1
Qh4+ 41. Kg1 Qg3+ 42. Kf1 Qh3+ 43. Kg1 Qg3+ 44. Kf1 Qh3+ 45. Kg1 45... Qg3+ $11
) 39... Nxc5 40. Qe2 (40. Qa1 $5 $142 40... Nd3 41. c4+ Qf6 42. Bc3 $18) 40...
Nd3 $16 41. Rf1 Nf4 42. Qxe7 Rf7 43. Qd8+ Kg7 44. Qd4+ Kg8 45. Re1 Ne6 46. Qe5
(46. Qe5 Nf4 47. Qxf5 Rxf5 48. Re8+ Kg7 49. Re7+ Kf6 50. Rh2 Rg5+ 51. Kf1 $18)
1-0

[Event "Bad Woerishofen op"]
[Site "Bad Woerishofen"]
[Date "2001.??.??"]
[Round "3"]
[White "Martinovic, Slobodan"]
[Black "Sailer, Wolfgang"]
[Result "1-0"]
[WhiteElo "2428"]
[BlackElo "2123"]
[Annotator "ChessOrg"]
[PlyCount "51"]
[EventDate "1998.03.05"]
[Source "ChessBase"]
[SourceDate "1998.04.29"]

1. Nf3 {D77: Gruenfeld-Verteidigung (3.g3)} 1... Nf6 2. g3 g6 3. d4 Bg7 4. Bg2
O-O 5. O-O d5 6. c4 dxc4 7. Na3 7... c5 {letzter Buchzug} 8. Nxc4 Nc6 (8...
cxd4 $5 9. Nxd4 9... Ng4 $11) 9. dxc5 $14 9... Qxd1 10. Rxd1 Ne4 11. Be3 Be6
12. Rac1 (12. Ncd2 Nxd2 13. Bxd2 13... Bc4 $14) 12... Nc3 13. bxc3 (13. Rxc3
Bxc3 14. Nd6 exd6 15. bxc3 dxc5 16. Bxc5 16... Rfd8 $17) 13... Bxc4 14. Nd4 Na5
15. Nb3 Nxb3 16. axb3 Bxb3 17. Rd7 a5 18. Bxb7 Rad8 (18... Rab8 $5 19. Bg2
19... Bc4 $16) 19. Rxd8 Rxd8 20. c6 Rf8 (20... Be6 $18) 21. Bd4 e5 22. Bc5 Re8
23. c4 Bh6 24. e3 Ba4 25. c7 Bd7 (25... Kg7 26. c8=Q Rxc8 27. Bxc8 $18) 26. Rd1
(26. Rd1 Bg5 27. Rxd7 $18) 1-0

[Event "Bad Woerishofen op"]
[Site "Bad Woerishofen"]
[Date "2001.??.??"]
[Round "5"]
[White "Martinovic, Slobodan"]
[Black "Graf, Alexander"]
[Result "1/2-1/2"]
[WhiteElo "2425"]
[BlackElo "2645"]
[Annotator "ChessOrg"]
[PlyCount "61"]
[EventDate "1998.03.05"]
[Source "ChessBase"]
[SourceDate "1998.04.29"]

1. Nf3 {A07: Barcza-System (Koenigsfianchetto mit moeglichen Uebergaengen in
andere Systeme)} 1... Nf6 2. g3 d5 3. Bg2 e6 4. O-O Be7 5. d3 5... a5 {
letzter Buchzug} 6. Nbd2 a4 7. c3 b5 8. e4 Bb7 9. e5 Nfd7 10. a3 c5 11. Re1 Nc6
12. h4 12... Qc7 {e5 ist bedroht} 13. Qe2 Na5 14. Rb1 Ra6 15. Nf1 Nb3 16. Bf4
d4 17. N1d2 Nxd2 18. Nxd2 (18. Bxd2 dxc3 19. bxc3 19... Rb6 $11) 18... O-O (
18... Bxg2 19. Kxg2 O-O 20. cxd4 cxd4 21. Nf3 $11) 19. Bg5 (19. Ne4 19... Bc6
$11 (19... Nxe5 $143 20. Nxc5 Bxc5 21. Bxe5 $16)) 19... Re8 (19... Bxg5 $5 $142
20. hxg5 Bxg2 21. Kxg2 Qc6+ 22. Nf3 dxc3 23. bxc3 23... Rd8 $11) 20. Bxe7 $14
20... Rxe7 21. cxd4 (21. Bxb7 Qxb7 22. cxd4 22... cxd4 $14) 21... Bxg2 22. Kxg2
cxd4 23. Nf3 Nc5 24. Nxd4 Rd7 25. Qe3 Qb7+ 26. Kg1 Ra8 27. Rbc1 Rd5 28. Rc3
Rad8 (28... Qd7 29. Rd1 $14) 29. Rxc5 Rxd4 30. Rec1 Qd7 31. R1c3 1/2-1/2

[Event "Bad Woerishofen op"]
[Site "Bad Woerishofen"]
[Date "2001.??.??"]
[Round "7"]
[White "Martinovic, Slobodan"]
[Black "Grathwohl, Roland"]
[Result "1/2-1/2"]
[WhiteElo "2428"]
[BlackElo "2283"]
[Annotator "ChessOrg"]
[PlyCount "73"]
[EventDate "1998.03.05"]
[Source "ChessBase"]
[SourceDate "1998.04.29"]

1. e4 {B17: Caro-Kann-Verteidigung} 1... c6 2. d4 d5 3. Nd2 dxe4 4. Nxe4 Nf6 5.
Ng3 e6 6. Nf3 Nbd7 7. Bd3 c5 8. O-O Be7 9. c4 cxd4 10. Nxd4 O-O 11. b3 11... a6
{letzter Buchzug} 12. Bb2 Qc7 13. Qe2 Re8 14. a3 Nf8 15. Ne4 Ng6 16. g3 e5 17.
Nc2 Be6 18. Ne3 Rad8 19. Rfd1 Qc6 20. f3 (20. Ng5 e4 21. Bc2 21... Bd7 $11)
20... Nd7 (20... Qb6 $5 $11) 21. Nc3 Bc5 22. b4 (22. Bxg6 hxg6 23. Ne4 23... b5
$14) 22... Bxe3+ $11 23. Qxe3 Bxc4 24. Be4 Qc8 25. Qa7 b5 26. Nd5 Nf6 (26...
Ndf8 $5 $15) 27. Nxf6+ $11 27... gxf6 28. Qb6 Be2 29. Rdc1 (29. Rxd8 $5 29...
Qxd8 30. Qxa6 $14) 29... Qe6 $15 30. Qe3 Bc4 31. Rd1 f5 32. Bc2 f4 33. Qf2
Rxd1+ 34. Bxd1 Bb3 35. Be2 Bc4 (35... Qd5 36. Bc3 $17) 36. Bd1 Bb3 (36... fxg3
$5 $142 37. hxg3 e4 38. fxe4 38... Qxe4 $17) 37. Be2 $11 1/2-1/2

[Event "Bad Woerishofen op"]
[Site "Bad Woerishofen"]
[Date "2001.??.??"]
[Round "9"]
[White "Martinovic, Slobodan"]
[Black "Sokolov, Andrei"]
[Result "1-0"]
[WhiteElo "2428"]
[BlackElo "2566"]
[Annotator "ChessOrg"]
[PlyCount "76"]
[EventDate "1998.03.05"]
[Source "ChessBase"]
[SourceDate "1998.04.29"]

1. Nf3 {A14: Reti-Eroeffnung} 1... Nf6 2. g3 b6 3. Bg2 d5 4. c4 e6 5. O-O Be7
6. b3 O-O 7. Bb2 Bb7 8. e3 Nbd7 9. Qe2 a5 10. Na3 {letzter Buchzug} 10... a4
11. d4 Bb4 12. Ne1 Re8 13. Nd3 Bf8 14. b4 (14. f3 14... Ba6 $11) 14... c5 (
14... dxc4 15. Nxc4 Bxg2 16. Kxg2 $15) 15. bxc5 bxc5 16. dxc5 Nxc5 17. Nxc5
Bxc5 18. Nb5 Be7 (18... e5 19. cxd5 Ba6 20. Bc3 $17) 19. Rfd1 Ba6 20. Rab1 Rb8
21. Be5 Rb7 22. e4 Qd7 23. exd5 exd5 24. Qf1 Rb6 25. Bxf6 Rxf6 (25... Bxf6 26.
Rxd5 Qe7 27. Rbd1 $16) 26. Bxd5 (26. Rxd5 26... Qg4 $18) 26... Qc8 27. Re1 Bxb5
(27... Bc5 $5 28. Rb2 28... Rd8 $16) 28. Rxb5 $18 28... Bf8 29. Rxe8 Qxe8 30.
Qd1 a3 31. Bf3 (31. Kg2 31... h6 $18) 31... g6 32. Kg2 Kg7 33. Qd4 Qe6 34. h4
h5 35. Kh2 (35. Bd5 35... Qe1 $18) 35... Kh7 36. Bd5 Qd6 37. f4 (37. Qa7 37...
Kh8 $18) 37... Bg7 (37... Re6 $5 38. Qf2 38... Re7 $16) 38. Qe4 Qd7 1-0

[Event "Bad Woerishofen op"]
[Site "?"]
[Date "2001.??.??"]
[Round "1"]
[White "Matzat, Andre"]
[Black "Malzer, Werner"]
[Result "1-0"]
[WhiteElo "2245"]
[BlackElo "1854"]
[Annotator "ChessOrg"]
[PlyCount "67"]
[EventDate "2000.??.??"]

1. Nf3 {A31: Englische Eroeffnung (Symmetrische Variante)} 1... Nf6 2. c4 c5 3.
d4 cxd4 4. Nxd4 g6 5. Nc3 Bg7 6. e4 d6 7. Be2 Nbd7 8. O-O O-O 9. Be3 Nc5 10. f3
10... a6 {letzter Buchzug} 11. Qd2 Bd7 12. Bd1 Rc8 13. b4 Ne6 14. Bb3 Ne8 15.
Nd5 f5 16. Nb6 f4 17. Bf2 (17. Nxc8 fxe3 18. Nxe6 Bxe6 (18... exd2 $143 19.
Nxd8 Bd4+ 20. Kh1 Bxc8 21. c5+ Kg7 22. c6 Bxa1 23. cxb7 Bxb7 24. Ne6+ (24. Nxb7
$143 24... Bc3 $15) 24... Kh6 25. Nxf8 $16) 19. Nxe7+ Qxe7 20. Qxe3 Bxa1 21.
Rxa1 21... Nf6 $17) 17... Nxd4 18. Bxd4 Rc6 (18... Rb8 19. c5+ Kh8 20. Bxg7+
Kxg7 21. Rfd1 $16) 19. Nxd7 Qxd7 20. Ba4 b5 21. cxb5 Rc8 22. Bb3+ Kh8 23. bxa6
Qb5 24. a7 (24. a4 Qxa6 25. b5 25... Qb7 $18) 24... Nc7 $2 (24... Bxd4+ 25.
Qxd4+ 25... e5 $18) 25. Rfc1 e5 (25... Qd7 26. Bxg7+ Kxg7 27. Qc3+ e5 28. Qc6
$18) 26. Bf2 g5 (26... Qd7 27. a4 $18) 27. a4 Qd7 28. b5 g4 (28... Na8 29. b6
Rxc1+ 30. Rxc1 Nxb6 31. Bxb6 $18) 29. b6 gxf3 (29... g3 30. hxg3 Na8 31. Rxc8
Qxc8 32. Bd5 fxg3 33. Be3 Nxb6 34. Bxb6 $18) 30. gxf3 Qh3 (30... Ne6 31. Rxc8
Qxc8 32. Bxe6 Qxe6 33. b7 $18) 31. Rxc7 (31. b7 Qxf3 32. bxc8=Q Rxc8 33. Rxc7
Qg4+ 34. Kf1 Rxc7 35. a8=Q+ 35... Rc8 $18) 31... Rxc7 32. bxc7 Rf6 33. a8=Q+
Bf8 34. Qxd6 $1 (34. Qxd6 Qxh2+ 35. Kxh2 Rh6+ 36. Kg2 Rg6+ 37. Qxg6 hxg6 38.
Qxf8+ Kh7 39. Rh1#) 1-0

[Event "Bad Woerishofen op"]
[Site "Bad Woerishofen"]
[Date "2001.??.??"]
[Round "3"]
[White "Matzat, Andre"]
[Black "Rolle, Eric"]
[Result "1-0"]
[WhiteElo "2245"]
[BlackElo "2113"]
[Annotator "ChessOrg"]
[PlyCount "121"]
[EventDate "1998.03.05"]
[Source "ChessBase"]
[SourceDate "1998.04.29"]

1. Nf3 {E04: Katalanisch} 1... d5 2. c4 e6 3. d4 Nf6 4. g3 dxc4 5. Bg2 c5 6.
O-O Nc6 7. Qa4 Bd7 8. dxc5 Qa5 9. Qxc4 Qxc5 10. Na3 10... Qxc4 {letzter Buchzug
} 11. Nxc4 Bc5 12. Rd1 Ke7 13. Nfe5 Rac8 14. Bg5 Rhd8 15. Nxd7 Rxd7 16. Rxd7+
Kxd7 17. Bxc6+ bxc6 (17... Kxc6 18. Bxf6 gxf6 19. Rd1 $11) 18. Ne5+ Ke8 19. Rc1
(19. Bxf6 gxf6 20. Nd3 20... Bb6 $14) 19... Ne4 $11 20. Nd3 Bb6 21. Bf4 f6 (
21... g5 22. Rc4 Nxf2 23. Nxf2 gxf4 24. gxf4 $11) 22. Rc4 $14 22... f5 23. Kg2
Ke7 24. b4 Nd6 25. Rc2 Nf7 26. h4 Kf6 27. a4 e5 28. Bg5+ Ke6 29. a5 Bd4 30. e3
Ba1 31. Nc5+ Kd5 32. Nb3 Ke6 33. Nxa1 h6 34. Bf4 g5 35. hxg5 hxg5 36. Bxg5 Nxg5
37. Nb3 Ne4 38. Nc5+ Nxc5 39. Rxc5 (39. bxc5 $6 39... Kd5 $14) 39... Kd6 40. f4
Rb8 (40... Re8 41. a6 $18) 41. fxe5+ (41. Rxe5 $5 41... Rxb4 42. Rxf5 42... Ke6
$18) 41... Kc7 42. Rc4 Rb5 43. e6 Re5 44. Kf3 Kd6 45. Kf4 Rxe6 46. Kxf5 Rxe3
47. Rd4+ Kc7 48. g4 c5 49. Rc4 Kd6 50. Rxc5 Rf3+ 51. Kg5 Rf1 52. Rf5 Rg1 53. b5
Ra1 54. b6 axb6 55. axb6 Kc6 56. Rf6+ Kb7 57. Kg6 Rg1 58. g5 Rg2 59. Kh6 Rh2+
60. Kg7 Rg2 61. g6 (61. g6 Rd2 62. Kf7 $18) 1-0

[Event "Bad Woerishofen op"]
[Site "Bad Woerishofen"]
[Date "2001.??.??"]
[Round "5"]
[White "Matzat, Andre"]
[Black "Schnur, Gerhard"]
[Result "1-0"]
[WhiteElo "2245"]
[BlackElo "2144"]
[Annotator "ChessOrg"]
[PlyCount "67"]
[EventDate "1998.03.05"]
[Source "ChessBase"]
[SourceDate "1998.04.29"]

1. Nf3 {A16: Englische Eroeffnung} 1... Nf6 2. c4 g6 3. Nc3 d5 4. cxd5 Nxd5 5.
Qb3 Nb6 6. d4 Be6 7. Qd1 {letzter Buchzug} 7... Bg7 8. e4 O-O 9. Be2 Bc4 10.
Be3 N8d7 11. a4 a5 12. Rc1 c6 13. O-O Nf6 14. Ne5 Bxe2 15. Qxe2 Nbd7 16. Rfd1
Qb8 17. Nxd7 Nxd7 18. d5 Nf6 19. Bc5 Re8 20. dxc6 bxc6 21. e5 Nh5 22. e6 f5 23.
g3 Nf6 24. Qc4 Ng4 25. h3 Nf6 (25... Ne5 26. Qe2 Qb3 27. Bd4 $16) 26. Rb1 Kf8
27. b4 axb4 28. Rxb4 Qe5 (28... Qc7 29. Bb6 Qc8 30. Bd4 $16) 29. Rb7 Nd5 (29...
f4 30. gxf4 Qh5 31. Bxe7+ Kg8 32. Rd3 $18 (32. Qxc6 $6 32... Qxh3 33. Bb4 Qg4+
(33... Rxe6 $4 34. Rxg7+ Kxg7 35. Qb7+ Kg8 36. Qxa8+ Re8 37. Qg2 $18) 34. Qg2
34... Qxe6 $14)) 30. Nxd5 $18 30... cxd5 31. Qxd5 31... Rxa4 $4 (31... Qxd5 32.
Rxd5 Bf6 33. a5 $18) 32. Rxe7 $1 32... Qxd5 33. Rxd5 33... Rxe7 $4 (33... Raa8
34. Rxe8+ 34... Kxe8 $18) 34. Rd8# 1-0

[Event "Bad Woerishofen op"]
[Site "Bad Woerishofen"]
[Date "2001.??.??"]
[Round "7"]
[White "Matzat, Andre"]
[Black "Maugg, Ludwig"]
[Result "1-0"]
[WhiteElo "2245"]
[BlackElo "2160"]
[Annotator "ChessOrg"]
[PlyCount "43"]
[EventDate "1998.03.05"]
[Source "ChessBase"]
[SourceDate "1998.04.29"]

1. Nf3 {B39: Sizilianisch (Maroczy-Aufbau)} 1... c5 2. c4 g6 3. d4 Bg7 4. e4
cxd4 5. Nxd4 Nc6 6. Be3 Nf6 7. Nc3 Ng4 8. Qxg4 Nxd4 9. Qd1 Ne6 10. Qd2 d6 11.
Be2 O-O 12. O-O 12... b6 {letzter Buchzug} 13. Bh6 Bb7 14. Bxg7 (14. Rad1 14...
Rc8 $14) 14... Kxg7 (14... Nxg7 15. Rad1 $11) 15. Bg4 Rc8 16. b3 Rc5 17. Rfe1
Re8 18. Rad1 Rc8 (18... Qc8 19. Nb5 $14) 19. Nd5 (19. e5 dxe5 20. Qb2 20... Qc7
$18) 19... Rb8 20. e5 Bxd5 21. Qxd5 21... Nf4 $2 (21... Nc5 $16 $142) 22. Qd4
$18 (22. Qd4 g5 23. exd6+ f6 24. d7 $18) 1-0

[Event "Bad Woerishofen op"]
[Site "Bad Woerishofen"]
[Date "2001.??.??"]
[Round "9"]
[White "Matzat, Andre"]
[Black "Senff, Martin"]
[Result "0-1"]
[WhiteElo "2245"]
[BlackElo "2443"]
[Annotator "ChessOrg"]
[PlyCount "62"]
[EventDate "1998.03.05"]
[Source "ChessBase"]
[SourceDate "1998.04.29"]

1. Nf3 {D44: Damengambit (Botwinnik-Variante)} 1... d5 2. c4 e6 3. d4 Nf6 4.
Nc3 c6 5. Bg5 dxc4 6. e4 b5 7. a4 b4 8. Nb1 Ba6 9. Qc1 c3 10. bxc3 Bxf1 11.
Kxf1 h6 12. Bxf6 Qxf6 13. Nbd2 13... a5 {letzter Buchzug} 14. Ne5 (14. Nb3 Qg6
15. Qf4 15... Nd7 $11 (15... bxc3 16. Qc7 Nd7 17. Qxc6 $18 (17. Nxa5 $6 17...
Qxe4 18. Nxc6 18... Ba3 $15))) 14... bxc3 15. Qxc3 Bb4 16. Qc2 O-O 17. Nb3 c5
18. Nc4 (18. Nxc5 $5 18... Rc8 19. Qb2 Bxc5 20. dxc5 $17) 18... cxd4 $17 19. e5
Qf4 20. Rd1 Bc3 21. Ke2 (21. Nc1 21... Nc6 $17) 21... Qg4+ 22. Kf1 Nc6 23. Qe2
$2 (23. h3 23... Qg5 $17) 23... Qg6 (23... Qxe2+ $5 $142 24. Kxe2 24... Rab8
$19) 24. Nc5 Rfb8 25. g3 Rb4 26. Nd3 $4 (26. Nd6 $142 26... Rd8 27. f4 $19)
26... Rxc4 27. Nf4 d3 28. Rxd3 Qf5 29. Re3 Rc5 (29... Nxe5 $6 30. Rxe5 Bxe5 31.
Qxc4 $19) 30. Qf3 (30. Kg2 Bd4 (30... Nxe5 $6 31. Rc1 $19) 31. Re4 Rxe5 32.
Rxe5 32... Nxe5 $19) 30... Bxe5 31. Rxe5 (31. Nd3 Qxf3 32. Rxf3 32... Rc4 $19)
31... Qxe5 (31... Qxe5 32. Kg2 32... Rc3 $19) 0-1